[Event "Figueres op 10th"]
[Site "Figueres"]
[Date "2009.08.01"]
[Round "1"]
[White "Pruja Ramirez de Cartagena, Marc"]
[Black "Vazquez Montreal, Enric"]
[Result "1-0"]
[WhiteElo "2214"]
[BlackElo "1692"]
[PlyCount "73"]
[EventDate "2009.08.01"]
[EventType "swiss"]
[EventRounds "9"]
[EventCountry "ESP"]
[SourceTitle "EXT 2010"]
[Source "ChessBase"]
[SourceDate "2010.11.25"]
[SourceVersion "1"]
[SourceVersionDate "2010.11.25"]
[SourceQuality "1"]

1. e4 e6 2. d4 d5 3. Nd2 c5 4. Ngf3 Nf6 5. e5 Nfd7 6. c3 Nc6 7. Bd3 cxd4 8. cxd4 Qb6 9. 0-0 Nxd4 10. Nxd4 Qxd4 11. Nf3 Qb6 12. Qa4 Be7 13. Qg4 g6 14. a3 f5 15. Qg3 Qd8 16. b4 a5 17. Nd4 Nb6 18. Bb5+ Kf7 19. bxa5 Rxa5 20. Bd2 Ra8 21. Qb3 Nd7 22. Bxd7 Qxd7 23. Nb5 h5 24. Rfc1 g5 25. Rc7 Qd8 26. Bxg5 Bd7 27. Bxe7 Qxe7 28. Nd6+ Kg6 29. Rxb7 Rhg8 30. Rc1 Qg5 31. Qg3 Qxg3 32. hxg3 Bc8 33. Rbc7 Ba6 34. Re7 Bc4 35. Rxe6+ Kg5 36. Nf7+ Kg4 37. Nh6+ 1-0

[Event "ESP-ch U16"]
[Site "Granada"]
[Date "2009.07.18"]
[Round "8"]
[White "Fernandez Garcia, Jose Miguel"]
[Black "Pruja Ramirez de Cartagena, Marc"]
[Result "1-0"]
[WhiteElo "2261"]
[BlackElo "2214"]
[PlyCount "41"]
[EventDate "2009.07.14"]
[EventType "swiss"]
[EventRounds "9"]
[EventCountry "ESP"]
[SourceTitle "CBM 131 Extra"]
[Source "ChessBase"]
[SourceDate "2009.09.03"]
[SourceVersion "2"]
[SourceVersionDate "2009.09.16"]
[SourceQuality "1"]

1. e4 c5 2. Nf3 d6 3. d4 Nf6 4. Nc3 cxd4 5. Nxd4 a6 6. Bc4 e6 7. Be3 b5 8. Bb3 Bb7 9. f4 Nxe4 10. Nxe4 Bxe4 11. 0-0 Nc6 12. f5 Nxd4 13. Qxd4 d5 14. fxe6 fxe6 15. a4 b4 16. a5 Qc7 17. Bg5 Bf5 18. Rxf5 exf5 19. Re1+ Kf7 20. Bxd5+ Kg6 21. Re6+ 1-0